00342naa a2200133 a 45000010005000000030005000050050017000100080041000270400020000681000023000882450017001116000027001287730053001553135CDMR20130307191237.0130130s ||||||||||||r|||||||||||||||d aCDMRbcatcCDMR1 aRoca i Roca, Josep10aPi i Margall14aPi i Margall, Francesc0 tAnuari de la Prensa DiariagAny I, 1923, p.19-45